[Event "San Jose op"]
[Site "San Jose"]
[Date "2013.07.07"]
[Round "5"]
[White "Cabrera Chaves, Marco Antonio"]
[Black "Ramirez Arroyo, Joan Emmanuel"]
[Result "1/2-1/2"]
[WhiteElo "2213"]
[BlackElo "2055"]
[PlyCount "96"]
[EventDate "2013.06.29"]
[EventType "swiss"]
[EventRounds "9"]
[EventCountry "CRI"]
[SourceTitle "EXT 2014"]
[Source "ChessBase"]
[SourceDate "2013.11.20"]
[SourceVersion "1"]
[SourceVersionDate "2013.11.20"]
[SourceQuality "1"]

1. e4 c5 2. Nf3 Nc6 3. d4 cxd4 4. Nxd4 Nf6 5. Nc3 d6 6. Bc4 e6 7. Bg5 Be7 8. 0-0 0-0 9. Nb3 a6 10. a4 b6 11. f4 Qc7 12. Bd3 Rd8 13. Qe1 h6 14. Bh4 Bb7 15. h3 Nb4 16. Rc1 e5 17. fxe5 dxe5 18. Rf3 Rd7 19. Nd1 a5 20. Nc3 Rad8 21. Bb5 Bc6 22. Qe2 Nxe4 23. Bxc6 Nxc3 24. bxc3 Nxc6 25. Bf2 Bf6 26. Re1 Ne7 27. c4 Rc8 28. c5 bxc5 29. Bxc5 Nd5 30. g3 Qc6 31. Qe4 Nb4 32. Qxc6 Nxc6 33. Re2 Nd4 34. Bxd4 exd4 35. Rd3 Rc4 36. Nxa5 Rxa4 37. Nb3 Rc7 38. h4 Rac4 39. Red2 Rxc2 40. Rxc2 Rxc2 41. Nxd4 Bxd4+ 42. Rxd4 Kh7 43. Rd6 f6 44. Rd7 Rb2 45. Rc7 Ra2 46. Rb7 Rc2 47. Rd7 Ra2 48. Rb7 Rc2 1/2-1/2

[Event "CRI-chT"]
[Site "San Jose"]
[Date "2012.07.27"]
[Round "6.4"]
[White "Cabrera Chaves, Marco Antonio"]
[Black "Minero Pineda, Boris"]
[Result "0-1"]
[WhiteElo "2131"]
[BlackElo "2091"]
[PlyCount "94"]
[EventDate "2012.07.22"]
[EventType "team-tourn"]
[EventRounds "9"]
[EventCountry "CRI"]
[SourceTitle "EXT 2013"]
[Source "ChessBase"]
[SourceDate "2012.11.22"]
[SourceVersion "1"]
[SourceVersionDate "2012.11.22"]
[SourceQuality "1"]
[WhiteTeam "Costa Rica Univ"]
[BlackTeam "Construterra"]
[WhiteTeamCountry "CRI"]
[BlackTeamCountry "CRI"]

1. e4 e6 2. d4 d5 3. Nc3 Nf6 4. Bg5 Be7 5. e5 Ne4 6. Bxe7 Qxe7 7. Nxe4 dxe4 8. c3 0-0 9. f3 c5 10. f4 f5 11. Qa4 cxd4 12. Qxd4 Rd8 13. Qe3 b6 14. Be2 Ba6 15. Rd1 Rxd1+ 16. Bxd1 Nd7 17. Be2 Bxe2 18. Nxe2 Nc5 19. 0-0 Nd3 20. Rb1 Re8 21. g3 Qb7 22. b4 Qd5 23. Ra1 Rc8 24. h3 Rc7 25. a3 Rd7 26. Qd4 Qc6 27. Qe3 Qc4 28. a4 Qb3 29. a5 Qb2 30. Rd1 bxa5 31. bxa5 Qa3 32. Nd4 Qxc3 33. Nxe6 Qb3 34. Rd2 Qxe6 35. Rc2 g6 36. Rc8+ Kg7 37. Ra8 a6 38. Ra7 Rxa7 39. Qxa7+ Kh6 40. Kh1 Qa2 41. Qe7 Qb1+ 42. Kg2 Qc2+ 43. Kh1 Qd1+ 44. Kh2 Qe2+ 45. Kh1 Qf1+ 46. Kh2 Qf2+ 47. Kh1 Qxg3 0-1

[Event "CRI-chT"]
[Site "San Jose"]
[Date "2012.07.26"]
[Round "5.2"]
[White "Martinez Acuna, Hubert"]
[Black "Cabrera Chaves, Marco Antonio"]
[Result "0-1"]
[WhiteElo "1940"]
[BlackElo "2131"]
[PlyCount "133"]
[EventDate "2012.07.22"]
[EventType "team-tourn"]
[EventRounds "9"]
[EventCountry "CRI"]
[SourceTitle "EXT 2013"]
[Source "ChessBase"]
[SourceDate "2012.11.22"]
[SourceVersion "1"]
[SourceVersionDate "2012.11.22"]
[SourceQuality "1"]
[WhiteTeam "Pasion Ajedrez.com"]
[BlackTeam "Costa Rica Univ"]
[WhiteTeamCountry "CRI"]
[BlackTeamCountry "CRI"]

1. c4 c5 2. Nf3 Nc6 3. Nc3 e5 4. d3 d6 5. g3 g6 6. Bg2 Bg7 7. 0-0 Nge7 8. a3 a5 9. e3 0-0 10. Qc2 b6 11. Bd2 h6 12. Rab1 Be6 13. Nb5 d5 14. b4 cxb4 15. axb4 Rc8 16. bxa5 bxa5 17. c5 d4 18. Nd6 Ra8 19. Rb6 Ra7 20. Nxd4 Nxd4 21. exd4 a4 22. dxe5 Nd5 23. Bxd5 Bxd5 24. Nb5 Bb3 25. Qc3 Rd7 26. d4 Bxe5 27. Bxh6 Rxd4 28. Bxf8 Rd5 29. Qf3 Kxf8 30. Rb7 Rxc5 31. Qe3 Rd5 32. Nc3 Bxc3 33. Qxc3 Kg8 34. Rc7 Rd3 35. Qc5 Qd6 36. Qxd6 Rxd6 37. Ra7 Kg7 38. Ra1 Rd4 39. Ra5 Kf6 40. Kg2 Ke6 41. Kf3 Kd6 42. Ke3 Rc4 43. Kd3 Kc6 44. h4 Kb6 45. Ra8 Rc2 46. Rb8+ Kc7 47. Rxb3 axb3 48. Ra7+ Kb6 49. Rxf7 Rc6 50. Rf8 Kb5 51. Rb8+ Ka4 52. Ra8+ Kb4 53. g4 Rc3+ 54. Kd2 Rc4 55. f3 b2 56. Rb8+ Ka3 57. Ra8+ Kb3 58. Rb8+ Ka2 59. Ra8+ Kb1 60. h5 gxh5 61. gxh5 Rh4 62. Kc3 Kc1 63. Rg8 Rh1 64. Rb8 Rh3 65. Rg8 Rxf3+ 66. Kd4 b1Q 67. Rg1+ 0-1

[Event "CRI-chT"]
[Site "San Jose"]
[Date "2012.07.25"]
[Round "4.5"]
[White "Acevedo Mendez, Lisseth"]
[Black "Cabrera Chaves, Marco Antonio"]
[Result "0-1"]
[WhiteElo "1882"]
[BlackElo "2131"]
[PlyCount "56"]
[EventDate "2012.07.22"]
[EventType "team-tourn"]
[EventRounds "9"]
[EventCountry "CRI"]
[SourceTitle "EXT 2013"]
[Source "ChessBase"]
[SourceDate "2012.11.22"]
[SourceVersion "1"]
[SourceVersionDate "2012.11.22"]
[SourceQuality "1"]
[WhiteTeam "Costa Rica Selection (W)"]
[BlackTeam "Costa Rica Univ"]
[WhiteTeamCountry "CRI"]
[BlackTeamCountry "CRI"]

1. e4 c5 2. Nf3 Nc6 3. Bb5 e6 4. 0-0 Nge7 5. c3 a6 6. Bxc6 Nxc6 7. d4 cxd4 8. cxd4 d5 9. e5 Be7 10. Nc3 0-0 11. Be3 Bd7 12. Rc1 Rb8 13. Nd2 f6 14. Bf4 fxe5 15. Bxe5 Nxe5 16. dxe5 Qb6 17. Nb3 Rf5 18. Qe2 d4 19. Rcd1 Bc5 20. g4 Rf4 21. h3 Rbf8 22. Qc4 Rc8 23. Qd3 dxc3 24. Qxd7 Bxf2+ 25. Kg2 Rcf8 26. bxc3 Qe3 27. Rd3 Qe4+ 28. Kh2 Qe2 0-1

[Event "CRI-chT"]
[Site "San Jose"]
[Date "2012.07.25"]
[Round "3.1"]
[White "Vives Rodriguez, David Alberto"]
[Black "Cabrera Chaves, Marco Antonio"]
[Result "0-1"]
[WhiteElo "2087"]
[BlackElo "2131"]
[PlyCount "70"]
[EventDate "2012.07.22"]
[EventType "team-tourn"]
[EventRounds "9"]
[EventCountry "CRI"]
[SourceTitle "EXT 2013"]
[Source "ChessBase"]
[SourceDate "2012.11.22"]
[SourceVersion "1"]
[SourceVersionDate "2012.11.22"]
[SourceQuality "1"]
[WhiteTeam "Goicoechea"]
[BlackTeam "Costa Rica Univ"]
[WhiteTeamCountry "CRI"]
[BlackTeamCountry "CRI"]

1. c4 c5 2. Nf3 Nc6 3. d4 cxd4 4. Nxd4 Nf6 5. Nc3 e5 6. Nc2 d6 7. e4 Be7 8. Be2 0-0 9. 0-0 Be6 10. b3 a6 11. Bf3 Rc8 12. Bb2 Re8 13. Qd2 Qa5 14. Rfd1 Bf8 15. Rac1 b5 16. cxb5 axb5 17. Qe2 b4 18. Na4 d5 19. exd5 Bxd5 20. Bg4 Nd4 21. Nxd4 Rxc1 22. Rxc1 exd4 23. Qd1 Bxg2 24. Bxd4 Nxg4 25. Qxg4 Bc6 26. Nc5 Qxa2 27. Nd7 Bxd7 28. Qxd7 Qe2 29. Qf5 Re6 30. Kh1 g6 31. Qf4 Qd3 32. Be3 Qxb3 33. Qd4 Rd6 34. Qg4 h5 35. Qf3 Qd5 0-1

[Event "CRI-ch"]
[Site "San Jose"]
[Date "2011.10.25"]
[Round "8"]
[White "Arias Santana, Mauricio"]
[Black "Cabrera Chaves, Marco Antonio"]
[Result "1-0"]
[WhiteElo "2327"]
[BlackElo "2154"]
[PlyCount "97"]
[EventDate "2011.10.18"]
[EventType "tourn"]
[EventRounds "11"]
[EventCountry "CRI"]
[SourceTitle "EXT 2012"]
[Source "ChessBase"]
[SourceDate "2011.11.24"]
[SourceVersion "1"]
[SourceVersionDate "2011.11.24"]
[SourceQuality "1"]

1. e4 c5 2. Nf3 Nc6 3. d4 cxd4 4. Nxd4 Nf6 5. Nc3 d6 6. Bc4 e6 7. Be3 a6 8. Qe2 Qc7 9. 0-0-0 Be7 10. Bb3 b5 11. g4 Na5 12. g5 Nxb3+ 13. axb3 Nd7 14. h4 b4 15. Na4 Nc5 16. f3 Bd7 17. h5 Nxa4 18. bxa4 Bxa4 19. g6 Bf6 20. f4 Bd7 21. gxf7+ Kxf7 22. h6 Rhg8 23. Nf3 Bb5 24. Qf2 b3 25. Ng5+ Ke7 26. e5 Qxc2+ 27. Qxc2 bxc2 28. Rxd6 Bxg5 29. fxg5 Rac8 30. g6 hxg6 31. Bg5+ Kf7 32. h7 Rh8 33. Rh4 Rb8 34. Kxc2 Rbc8+ 35. Kb3 Rb8 36. Ka3 Rbc8 37. b3 Rb8 38. Rf4+ Ke8 39. Rxe6+ Kd7 40. Rd6+ Kc8 41. Rh4 Be8 42. e6 Kb7 43. e7 Rc8 44. Rd8 Ra8 45. Rhd4 Rc8 46. Rxc8 Kxc8 47. Rd8+ Kb7 48. Kb4 Ka7 49. Kc5 1-0

[Event "CRI-ch Phase 1.1"]
[Site "San Jose"]
[Date "2009.02.08"]
[Round "5"]
[White "Carvajal Gorgona, Jonathan G"]
[Black "Cabrera Chaves, Marco Antonio"]
[Result "0-1"]
[WhiteElo "2175"]
[BlackElo "2109"]
[PlyCount "35"]
[EventDate "2009.01.31"]
[EventType "swiss"]
[EventRounds "9"]
[EventCountry "CRI"]
[SourceTitle "EXT 2024"]
[Source "ChessBase"]
[SourceDate "2023.10.10"]
[SourceVersion "1"]
[SourceVersionDate "2023.10.10"]
[SourceQuality "1"]

1. e4 c5 2. Nc3 Nc6 3. Bb5 g6 4. Bxc6 dxc6 5. d3 Bg7 6. f4 Nf6 7. Nf3 Qc7 8. h3 Nh5 9. Ne2 Bh6 10. g3 f5 11. e5 Be6 12. c4 0-0-0 13. Qc2 Qd7 14. Kd2 Nxg3 15. Rd1 Nh5 16. Kc3 Bxc4 17. Be3 Ba6 18. Ne1 0-1

[Event "CRI-ch Phase 1.1"]
[Site "San Jose"]
[Date "2009.02.02"]
[Round "2"]
[White "Cabrera Chaves, Marco Antonio"]
[Black "Gomez Huertas, Stanley"]
[Result "1/2-1/2"]
[WhiteElo "2109"]
[BlackElo "1991"]
[PlyCount "64"]
[EventDate "2009.01.31"]
[EventType "swiss"]
[EventRounds "9"]
[EventCountry "CRI"]
[SourceTitle "EXT 2024"]
[Source "ChessBase"]
[SourceDate "2023.10.10"]
[SourceVersion "1"]
[SourceVersionDate "2023.10.10"]
[SourceQuality "1"]

1. e4 c5 2. Nf3 d6 3. d4 cxd4 4. Nxd4 Nf6 5. Nc3 a6 6. Be2 e5 7. Nb3 Be7 8. 0-0 0-0 9. Kh1 b6 10. f4 Bb7 11. Bf3 b5 12. a3 Nbd7 13. f5 Nc5 14. Qe1 Rc8 15. Rg1 d5 16. exd5 e4 17. Be2 Nxd5 18. Nxd5 Qxd5 19. Na5 Ba8 20. Rf1 Bf6 21. Qb4 Qe5 22. Rb1 e3 23. Qf4 Rfe8 24. Qxe5 Rxe5 25. b4 Na4 26. Bd3 e2 27. Re1 Bh4 28. Bf4 Bxe1 29. Bxe5 Bf2 30. Bxe2 Nc3 31. Bxc3 Rxc3 32. Bd3 Rxa3 1/2-1/2

[Event "CRI-ch Phase2 72nd"]
[Site "San Jose"]
[Date "2008.08.28"]
[Round "4"]
[White "Cabrera Chaves, Marco Antonio"]
[Black "Murillo Tsijli, Alexis"]
[Result "0-1"]
[WhiteElo "2065"]
[BlackElo "2319"]
[PlyCount "52"]
[EventDate "2008.08.23"]
[EventType "tourn"]
[EventRounds "9"]
[EventCountry "CRI"]
[SourceTitle "CBM 126 Extra"]
[Source "ChessBase"]
[SourceDate "2008.11.05"]
[SourceVersion "1"]
[SourceVersionDate "2008.11.05"]
[SourceQuality "1"]

1. e4 e6 2. d4 d5 3. Nc3 Bb4 4. e5 b6 5. Bd2 Bf8 6. f4 Ne7 7. Nf3 Ba6 8. Bxa6 Nxa6 9. 0-0 h5 10. Qe2 Nb8 11. Nd1 Nbc6 12. Ne3 Qd7 13. c3 g6 14. g4 hxg4 15. Nxg4 Bg7 16. Nf6+ Bxf6 17. exf6 Nf5 18. Ne5 Nxe5 19. fxe5 0-0-0 20. b4 Qa4 21. b5 Rh3 22. Rf2 Rdh8 23. Rg2 Nxd4 24. cxd4 Qxd4+ 25. Kf1 Qxa1+ 26. Be1 R8h5 0-1

[Event "CRI-ch Phase1 72nd"]
[Site "Moravia"]
[Date "2008.05.24"]
[Round "8"]
[White "Cabrera Chaves, Marco Antonio"]
[Black "Solis, Enrique"]
[Result "1-0"]
[WhiteElo "2047"]
[BlackElo "2120"]
[PlyCount "129"]
[EventDate "2008.05.17"]
[EventType "swiss"]
[EventRounds "9"]
[EventCountry "CRI"]
[SourceTitle "EXT 2009"]
[Source "ChessBase"]
[SourceDate "2008.11.26"]
[SourceVersion "1"]
[SourceVersionDate "2008.11.26"]
[SourceQuality "1"]

1. e4 g6 2. d4 Bg7 3. Nc3 d6 4. Bc4 e6 5. Be3 c6 6. a4 Ne7 7. Nge2 d5 8. Bb3 Nd7 9. Qd2 h6 10. f3 b6 11. h4 Bb7 12. g4 a6 13. exd5 cxd5 14. 0-0-0 b5 15. h5 g5 16. f4 f6 17. fxg5 fxg5 18. Rdf1 Qb6 19. Kb1 b4 20. Na2 a5 21. Nac1 Nf6 22. Nd3 Ne4 23. Qd1 Ba6 24. Rf3 Ng8 25. Nc5 Ngf6 26. Rg1 Bxe2 27. Qxe2 0-0 28. Rgf1 Qd6 29. Qg2 Rac8 30. Nd3 Nd7 31. Rxf8+ Rxf8 32. Rxf8+ Kxf8 33. Qf3+ Ke7 34. Nf2 Nxf2 35. Bxf2 Qb6 36. Qd3 Nf8 37. Ka2 Nd7 38. c3 bxc3 39. bxc3 Nf6 40. Bd1 Ne4 41. Be1 Qc7 42. Kb3 Bf8 43. Bc2 Kd8 44. Qf1 Qd6 45. Bxe4 Qa3+ 46. Kc2 dxe4 47. Qf6+ Kd7 48. Qe5 Qa2+ 49. Kd1 Qb1+ 50. Ke2 Qd3+ 51. Kf2 Qf3+ 52. Kg1 Bd6 53. Qb5+ Ke7 54. Qb7+ Kf6 55. Qb2 Qxg4+ 56. Qg2 Qxh5 57. Qxe4 Bh2+ 58. Kf1 Bf4 59. c4 Qd1 60. d5 e5 61. Qh7 Qf3+ 62. Bf2 h5 63. Qh6+ Kf5 64. Qe6+ Ke4 65. Qg6# 1-0

[Event "CRI-ch qual"]
[Site "San Jose"]
[Date "2005.06.25"]
[Round "9"]
[White "Cabrera Chaves, Marco Antonio"]
[Black "Solis Gaitan, Efren"]
[Result "1-0"]
[WhiteElo "2008"]
[BlackElo "2127"]
[PlyCount "51"]
[EventDate "2005.06.??"]
[EventType "swiss"]
[EventRounds "9"]
[EventCountry "CRI"]
[SourceTitle "EXT 2006"]
[Source "ChessBase"]
[SourceDate "2005.11.24"]
[SourceVersion "1"]
[SourceVersionDate "2005.11.24"]
[SourceQuality "1"]

1. e4 g6 2. d4 Bg7 3. Nc3 d6 4. f3 e6 5. Be3 Nd7 6. a4 a6 7. Bc4 Ne7 8. Qd2 h6 9. g4 Rb8 10. h4 c6 11. h5 g5 12. f4 d5 13. Bb3 f6 14. f5 Nf8 15. exd5 cxd5 16. fxe6 Bxe6 17. Qe2 Qd7 18. Qg2 Rd8 19. a5 Nh7 20. Nh3 0-0 21. Nf2 f5 22. Nd3 f4 23. Nc5 Qc8 24. Bf2 Bxg4 25. Nxb7 Rde8 26. Kd2 1-0

[Event "CRI-ch qual"]
[Site "San Jose"]
[Date "2005.06.16"]
[Round "5"]
[White "Alvarado, Dizan Ernesto"]
[Black "Cabrera Chaves, Marco Antonio"]
[Result "1-0"]
[WhiteElo "2003"]
[BlackElo "2008"]
[PlyCount "93"]
[EventDate "2005.06.??"]
[EventType "swiss"]
[EventRounds "9"]
[EventCountry "CRI"]
[SourceTitle "EXT 2006"]
[Source "ChessBase"]
[SourceDate "2005.11.24"]
[SourceVersion "1"]
[SourceVersionDate "2005.11.24"]
[SourceQuality "1"]

1. c4 Nf6 2. Nc3 g6 3. d4 Bg7 4. e4 d6 5. f4 0-0 6. Nf3 c5 7. d5 e6 8. Bd3 exd5 9. cxd5 Re8 10. 0-0 Nbd7 11. h3 a6 12. a4 Qc7 13. Be3 Nb6 14. Bf2 c4 15. Bc2 Nbd7 16. Nd2 Bh6 17. Bd4 Bg7 18. Nf3 Nc5 19. Re1 Bd7 20. g4 b5 21. axb5 axb5 22. Rxa8 Rxa8 23. e5 Ne8 24. Kg2 b4 25. Ne4 Nxe4 26. Bxe4 Ra2 27. Qb1 Qa5 28. Kg3 b3 29. Bc3 Qb5 30. Nd4 Qb8 31. e6 Ba4 32. exf7+ Kxf7 33. Qc1 Bd7 34. Ne6 Ra4 35. f5 Bxe6 36. dxe6+ Ke7 37. fxg6 d5+ 38. Kg2 dxe4 39. Bxg7 Nxg7 40. Qg5+ Kxe6 41. Rxe4+ Kd7 42. Re7+ Kc6 43. gxh7 c3 44. Rxg7 cxb2 45. Rg6+ Kd7 46. Qf5+ Kc7 47. Qf7+ 1-0